Presidentes de EE.UU. por Imagen - Opción Múltiple - Estadísticas

Estadísticas generales
  • Esta prueba ha sido intentada 3.051 veces
  • La puntuación promedio es 6 de 12
Estadísticas de respuestas
Pregunta Respuesta % Correcto
Thomas Jefferson
68%
Franklin D. Roosevelt
68%
Dwight D. Eisenhower
61%
Woodrow Wilson
59%
Herbert Hoover
54%
James Madison
54%
Lyndon B. Johnson
53%
Ulysses S. Grant
47%
William Taft
44%
James Buchanan
42%
Zachary Taylor
40%
Andrew Johnson
38%
No se encontraron pruebas coincidentes
Distribución de puntuación
Porcentaje de gente con cada puntuación
Porcentaje por número respondido
Historial de tus puntuaciones
No has intentado esta prueba.